000 00329nam a2200133 i 4500
001 bg
100 1 _aWIŚNIEWSKA, Bożena
245 0 _aZasady katalogowania w systemie APIN /
_cBożena Wiśniewska.
260 _aWrocław,
_c1976.
040 _cBPK
041 _apol
942 _cKS
008 s pl f |000 0 pol
999 _c17228
_d17228
856 _uhttp://koha.tu.koszalin.pl/cgi-bin/koha/opac-detail.pl?biblionumber=17228
_yKatalog online BPK